Desmond Morris Bibliography - Statistics

General Stats
  • This quiz has been taken 3 times
  • The average score is 3 of 38
Answer Stats
Type Year Name % Correct
Non-Fiction Book 1986 Catwatching
100%
Non-Fiction Book 1986 Dogwatching
100%
Non-Fiction Book 1978 Manwatching: A Field Guide to Human Behaviour
50%
Non-Fiction Book 1990 Animalwatching
0%
Non-Fiction Book 2008 Baby: A Portrait of the First Two Years of Life
0%
Non-Fiction Book 1991 Babywatching
0%
Non-Fiction Book 2015 Bison
0%
Non-Fiction Book 1994 Bodytalk
0%
Non-Fiction Book 1985 Bodywatching - A Field Guide to the Human Species
0%
Non-Fiction Book 2017 Cats in Art
0%
Non-Fiction Book 1997 Cat World: A Feline Encyclopedia
0%
Non-Fiction Book 2001 Dogs: The Ultimate Discovery of Over 1,000 Dog Breeds
0%
Non-Fiction Book 1979 Gestures: Their Origin and Distribution
0%
Non-Fiction Book 1989 Horsewatching
0%
Non-Fiction Book 1983 Inrock
0%
Non-Fiction Book 1971 Intimate Behaviour
0%
Non-Fiction Book 2014 Leopard
0%
Non-Fiction Book 2004 Linguaggio Muto
0%
Non-Fiction Book 1968 Men and Snakes
0%
Non-Fiction Book 2013 Monkey
0%
Non-Fiction Book 2009 Owl
0%
Non-Fiction Book 2002 Peoplewatching: The Desmond Morris Guide to Body Language
0%
Non-Fiction Book 2009 Planet Ape
0%
Non-Fiction Book 1982 Pocket Guide to Manwatching
0%
Non-Fiction Book 1965 The Big Cats
0%
Non-Fiction Book 1963 The Biology of Art
0%
Non-Fiction Book 1994 The Human Animal
0%
Non-Fiction Book 1997 The Human Sexes
0%
Non-Fiction Book 1969 The Human Zoo
0%
Non-Fiction Book 2018 The Lives of the Surrealists
0%
Non-Fiction Book 1965 The Mammals: A Guide to the Living Species
0%
Non-Fiction Book 1967 The Naked Ape: A Zoologist's Study of the Human Animal
0%
Non-Fiction Book 2001 The Naked Eye
0%
Non-Fiction Book 2008 The Naked Man: A Study of the Male Body
0%
Non-Fiction Book 2004 The Naked Woman: A Study of the Female Body
0%
Non-Fiction Book 2004 The Nature of Happiness
0%
Non-Fiction Book 1981 The Soccer Tribe
0%
Non-Fiction Book 2006 Watching
0%
No matching quizzes found
Score Distribution
Percent of People with Each Score
Percentile by Number Answered
Your Score History
You have not taken this quiz